Statistics for Name A Valid Sport

Click here to take the quiz!

General Stats

  • This quiz has been taken 133 times
  • The average score is 8 of 15

Answer Stats

#Name A SportAnswer% Correct
3That Is a Strength Sport (based on sheer power)Wrestling | Weightlifting | Powerlifting
81%
5That is an Olympic Outdoor Water SportCanoeing | Surfing | Sailing | Rowing | Swimming
75%
3That Is The Most Popular Sport In an African CountryFootball | Basketball | Rugby Union
73%
6That uses a Stick(not a bat) and a BallField Hockey | Hurling | Shinty | Lacrosse | Polo | Ice Hockey
71%
6That Is a Fictional SportSquarmish | Calvinball | Guyball | Quidditch | Blitzball | Whackbat
67%
5That Stars With The Letter JJai Alai | Jet Ski | Judo | Jianzi | Jujutsu
64%
5That Is The Most Popular Sport in Exactly "One" CountryArchery | Chess | Wrestling | MotorSport | Rugby League
59%
5That is an Endurance SportCross-country Skiing | Running | Cycling | Rowing | Swimming
57%
5That was Scheduled to be added at the 2020 Tokyo OlympicsBaseball | Karate | Sport Climbing | Surfing | Skateboarding
47%
3In Which Pakistan Has Won an Olympic MedalField Hockey | Wrestling | Boxing
39%
3In Which The United States has Never won an Olympic MedalBadminton | Handball | Table Tennis
36%
5That was a Sport at the 1900 Paris Olympics but is no longer an Olympic SportBasque Pelota | Cricket | Croquet | Polo | Tug of War
33%
8That is the de jure National Sport of an Asian CountryKabaddi | Archery | Varzesh-e Bastani | Wrestling | Polo | Volleyball | Arnis | Taekwondo
29%
5That was a Demonstration Sport At The 1988 Seoul OlympicsBadminton | Baseball | Bowling | Judo | Taekwondo
26%
6That Is The National sport of a semi-autonomous regionPaso Fino | Boat racing | Cricket | Basque Pelota | Golf | Rugby Union
26%

Score Distribution

Percentile by Number Answered

Percent of People with Each Score

Your Score History

You have not taken this quiz